[Event "GER-chT U12"]
[Site "Magdeburg"]
[Date "2015.12.28"]
[Round "3.4"]
[White "Felsch, Paula"]
[Black "Dittmar, Elia"]
[Result "0-1"]
[WhiteElo "835"]
[BlackElo "1018"]
[PlyCount "68"]
[EventDate "2015.12.27"]
[EventType "team-swiss"]
[EventRounds "7"]
[EventCountry "GER"]
[SourceTitle "EXT 2017"]
[Source "ChessBase"]
[SourceDate "2016.10.25"]
[SourceVersion "1"]
[SourceVersionDate "2016.10.25"]
[SourceQuality "1"]
[WhiteTeam "Magdeburg Schachzwerge"]
[BlackTeam "Biberach"]
[WhiteTeamCountry "GER"]
[BlackTeamCountry "GER"]

1. e4 c5 2. Nc3 Nc6 3. Nf3 g6 4. Bc4 e6 5. d3 Bg7 6. Bg5 Nge7 7. 0-0 d5 8. exd5 Bxc3 9. bxc3 exd5 10. Bxd5 Qxd5 11. Bf6 0-0 12. Qe1 Nf5 13. Qd2 Qd6 14. Qg5 Bd7 15. Rfe1 Rfe8 16. Nd2 h6 17. Qg4 h5 18. Qg5 Ne5 19. Ne4 Qc7 20. d4 Ng4 21. c4 Qxh2+ 22. Kf1 Qh1+ 23. Ke2 Rxe4+ 24. Kd3 Rxe1 25. dxc5 Rxa1 26. Bxa1 Qd1+ 27. Qd2 Nxf2+ 28. Kc3 Ne4+ 29. Kd3 Nxd2 30. Be5 Nb1+ 31. Ke4 Re8 32. a4 f6 33. c3 Rxe5+ 34. Kf4 Qf1# 0-1

[Event "GER-chT U12"]
[Site "Magdeburg"]
[Date "2015.12.28"]
[Round "4.4"]
[White "Handschuh, Felix"]
[Black "Dittmar, Elia"]
[Result "0-1"]
[WhiteElo "1148"]
[BlackElo "1018"]
[PlyCount "138"]
[EventDate "2015.12.27"]
[EventType "team-swiss"]
[EventRounds "7"]
[EventCountry "GER"]
[SourceTitle "EXT 2017"]
[Source "ChessBase"]
[SourceDate "2016.10.25"]
[SourceVersion "1"]
[SourceVersionDate "2016.10.25"]
[SourceQuality "1"]
[WhiteTeam "Ergolding"]
[BlackTeam "Biberach"]
[WhiteTeamCountry "GER"]
[BlackTeamCountry "GER"]

1. e4 c5 2. Nf3 Nc6 3. d4 cxd4 4. Nxd4 g6 5. Nc3 Bg7 6. Be3 Nf6 7. Be2 0-0 8. Qd2 d5 9. exd5 Nxd5 10. Nxc6 bxc6 11. Nxd5 Qxd5 12. Qxd5 cxd5 13. 0-0-0 e6 14. Bc5 Re8 15. Bb5 Rd8 16. Be7 Rd7 17. Bxd7 Bxd7 18. Bc5 Rb8 19. b3 a6 20. Rhf1 Rc8 21. Bd4 e5 22. Bb2 d4 23. g3 Bf5 24. Kb1 Bxc2+ 25. Ka1 Bxd1 26. Rxd1 Rc2 27. f4 f6 28. fxe5 fxe5 29. a4 e4 30. Bxd4 Bxd4+ 31. Rxd4 e3 32. Kb1 e2 33. Rd8+ Kg7 34. Re8 Rd2 35. Kc1 Rd1+ 36. Kc2 e1Q 37. Rxe1 Rxe1 38. b4 Ra1 39. b5 axb5 40. axb5 Ra8 41. Kc3 Kf6 42. Kc4 Ke6 43. Kd4 Rb8 44. Kc5 Kd7 45. h4 Rc8+ 46. Kd5 Rb8 47. Kc5 Kc7 48. g4 Rc8 49. b6+ Kb7+ 50. Kb5 Rc6 51. g5 Rxb6+ 52. Kc5 Kc7 53. Kd5 Rb4 54. Ke5 Rxh4 55. Kf6 Rh5 56. Kg7 Rxg5 57. Kxh7 Kd7 58. Kh6 Rg1 59. Kg7 g5 60. Kf6 g4 61. Kf5 Re1 62. Kxg4 Rf1 63. Kg3 Ke6 64. Kg2 Rf5 65. Kg3 Ke5 66. Kg4 Ke4 67. Kg3 Rf4 68. Kg2 Rf3 69. Kg1 Kf4 0-1

[Event "GER-chT U12"]
[Site "Magdeburg"]
[Date "2015.12.27"]
[Round "2.4"]
[White "Dittmar, Elia"]
[Black "Matthiessen, Linus"]
[Result "0-1"]
[WhiteElo "1018"]
[BlackElo "1237"]
[PlyCount "164"]
[EventDate "2015.12.27"]
[EventType "team-swiss"]
[EventRounds "7"]
[EventCountry "GER"]
[SourceTitle "EXT 2017"]
[Source "ChessBase"]
[SourceDate "2016.10.25"]
[SourceVersion "1"]
[SourceVersionDate "2016.10.25"]
[SourceQuality "1"]
[WhiteTeam "Biberach"]
[BlackTeam "Paderborn Blauer Springer"]
[WhiteTeamCountry "GER"]
[BlackTeamCountry "GER"]

1. c4 e6 2. d4 Nf6 3. Bg5 Be7 4. Nf3 h6 5. Bf4 c5 6. e3 Nc6 7. Nc3 cxd4 8. Nxd4 Nxd4 9. exd4 0-0 10. Bd3 d5 11. 0-0 Qd7 12. Qd2 Rd8 13. Ne2 b6 14. Rfd1 Ba6 15. b3 Rac8 16. Rac1 b5 17. cxd5 Qxd5 18. f3 Bb7 19. Rxc8 Rxc8 20. Rc1 Rd8 21. Rd1 Kf8 22. Bxh6 gxh6 23. Qxh6+ Ke8 24. Nf4 Qxd4+ 25. Kh1 Bf8 26. Bxb5+ Ke7 27. Rxd4 Bxh6 28. Rxd8 Kxd8 29. Ne2 a6 30. Bd3 Nd7 31. a4 Nc5 32. Bc4 Bd5 33. Nc3 Bxc4 34. bxc4 Be3 35. h4 Nd7 36. Kh2 Nb6 37. Kg3 f5 38. f4 Ke7 39. a5 Nxc4 40. Na2 Nxa5 41. Nb4 Kf6 42. Nxa6 Nc4 43. Kf3 e5 44. g3 e4+ 45. Ke2 Kg6 46. Kf1 Kh5 47. Kg2 Kg4 48. Nb4 Bd4 49. Nd5 Ne3+ 50. Nxe3+ Bxe3 51. Kh2 Bf2 52. Kg2 Bxg3 53. h5 Bxf4 54. h6 Bxh6 55. Kf2 e3+ 56. Ke2 f4 57. Ke1 f3 58. Kf1 e2+ 59. Kf2 Bg5 60. Ke1 Bh4+ 61. Kd2 e1Q+ 62. Kc2 f2 63. Kb3 f1R 64. Kc4 Qe3 65. Kd5 Rf4 66. Kd6 Rf5 67. Kd7 Qe6+ 68. Kxe6 Kf4 69. Kd6 Re5 70. Kd7 Ke4 71. Kd6 Kd4 72. Kc6 Rd5 73. Kb6 Rc5 74. Kb7 Kc4 75. Kb6 Kb4 76. Kb7 Kb5 77. Ka7 Rc6 78. Kb7 Be1 79. Ka7 Rb6 80. Ka8 Kc6 81. Ka7 Kc7 82. Ka8 Ra6# 0-1

[Event "GER-chT U10"]
[Site "Magdeburg"]
[Date "2013.12.28"]
[Round "4.4"]
[White "Dittmar, Elia"]
[Black "Brunzendorf, Tanja"]
[Result "0-1"]
[WhiteElo "783"]
[BlackElo "600"]
[PlyCount "60"]
[EventDate "2013.12.27"]
[EventType "team-swiss"]
[EventRounds "5"]
[EventCountry "GER"]
[SourceTitle "EXT 2015"]
[Source "ChessBase"]
[SourceDate "2014.11.20"]
[SourceVersion "1"]
[SourceVersionDate "2014.11.20"]
[SourceQuality "1"]
[WhiteTeam "Biberach"]
[BlackTeam "Braunschweig"]
[WhiteTeamCountry "GER"]
[BlackTeamCountry "GER"]

1. c4 e5 2. Nc3 Nc6 3. g3 Nf6 4. Bg2 Bb4 5. Nf3 Bxc3 6. bxc3 d5 7. Qb3 d4 8. cxd4 exd4 9. d3 0-0 10. 0-0 Bg4 11. Ba3 Re8 12. Rae1 b6 13. Ng5 Qd7 14. Qb5 a6 15. Bxc6 axb5 16. Bxd7 Nxd7 17. cxb5 Rxa3 18. Rc1 Rc3 19. Ra1 Bxe2 20. Nf3 Rxd3 21. Rac1 Rxf3 22. Rxc7 Nc5 23. Rc1 Rc3 24. Re1 Nd3 25. Ra1 g6 26. a4 Rc8 27. Rb7 Bf3 28. h3 Rc1+ 29. Rxc1 Rxc1+ 30. Kh2 Rh1# 0-1